Sportifs.ves Portugais.es - Mort Subite - Statistiques

Statistiques générales
  • Ce quiz a été pris 54 fois
  • Le résultat moyen est 4 sur 24
Answers on the Grid
Answers color-coded by a green-red scale on the quiz's grid according to % correct below.
Cristiano Ronaldo
Antonio Felix Da Costa
Miguel Oliveira
Nuno Mendes
Elisabete Jacinto
Rui Costa
Luis Figo
Filipe Albuquerque
Álvaro Parente
Pedro Lamy
Frederico Morais
Tiago Apolónia
Marcos Freitas
José Mourinho
Francisco Stromp
Joaquim Fiúza
Alícia Correia
Kika Nazareth
Ana de Sousa
Patrícia Sampaio
Marta Onofre
Marta Pen
Manuel Abreu
Ana Félix
Ederzito Lopes
Hugo Chávez
Sheridan Morais
Hugo Calderano
Fernando Brassard
Diogo Moreira
Hugo Rocha
Filipe Cruz
Mélissa Gomes
Yazaldes Nascimento
Geovany Quenda
Bruna Takahashi
 
Statistiques - réponses
Réponse % Correct
Cristiano Ronaldo
62%
Nuno Mendes
62%
Luis Figo
60%
José Mourinho
52%
Rui Costa
45%
Miguel Oliveira
26%
Antonio Felix Da Costa
24%
Frederico Morais
17%
Ana Félix
14%
Ana de Sousa
12%
Kika Nazareth
10%
Marcos Freitas
10%
Elisabete Jacinto
7%
Manuel Abreu
7%
Patrícia Sampaio
7%
Tiago Apolónia
7%
Alícia Correia
5%
Marta Pen
5%
Francisco Stromp
2%
Joaquim Fiúza
2%
Marta Onofre
2%
Pedro Lamy
2%
Álvaro Parente
0%
Filipe Albuquerque
0%
Aucun quiz correspondant
Distribution des résultats
% des personnes avec chaque résultat
Percentile par nombre de réponses
Votre historique - résultats
Vous n’avez pas pris ce quiz